<?xml version="1.0" encoding="UTF-8"?><?xml-stylesheet type="text/xsl" href="static/style.xsl"?><OAI-PMH xmlns="http://www.openarchives.org/OAI/2.0/" xmlns:xsi="http://www.w3.org/2001/XMLSchema-instance" xsi:schemaLocation="http://www.openarchives.org/OAI/2.0/ http://www.openarchives.org/OAI/2.0/OAI-PMH.xsd"><responseDate>2026-04-28T19:30:51Z</responseDate><request verb="GetRecord" identifier="oai:uvadoc.uva.es:10324/7625" metadataPrefix="marc">https://uvadoc.uva.es/oai/request</request><GetRecord><record><header><identifier>oai:uvadoc.uva.es:10324/7625</identifier><datestamp>2021-06-23T18:34:41Z</datestamp><setSpec>com_10324_30605</setSpec><setSpec>com_10324_894</setSpec><setSpec>col_10324_41</setSpec></header><metadata><record xmlns="http://www.loc.gov/MARC21/slim" xmlns:doc="http://www.lyncode.com/xoai" xmlns:xsi="http://www.w3.org/2001/XMLSchema-instance" xmlns:dcterms="http://purl.org/dc/terms/" xsi:schemaLocation="http://www.loc.gov/MARC21/slim http://www.loc.gov/standards/marcxml/schema/MARC21slim.xsd">
<leader>00925njm 22002777a 4500</leader>
<datafield tag="042" ind1=" " ind2=" ">
<subfield code="a">dc</subfield>
</datafield>
<datafield tag="720" ind1=" " ind2=" ">
<subfield code="a">García Martín, Noemí</subfield>
<subfield code="e">author</subfield>
</datafield>
<datafield tag="260" ind1=" " ind2=" ">
<subfield code="c">2014</subfield>
</datafield>
<datafield tag="520" ind1=" " ind2=" ">
<subfield code="a">El objetivo de este trabajo de investigación, es el estudio y diseño de un proceso de nanofiltración para controlar el contenido alcohólico en vinos con el fin de conseguir una reducción de 2% en volumen. Para ello, se actúa sobre el contenido en azúcar de los mostos, evitando de esta forma que se modifiquen drásticamente las propiedades organolépticas del vino obtenido. &#xd;
&#xd;
Las causas que justifican la reducción del grado alcohólico en vinos son, el cambio climático, la demanda de vinos de baja graduación y la mayor preocupación por seguir estilos de vida saludables.&#xd;
&#xd;
Teniendo en cuenta las distintas técnicas de reducción de alcohol en vinos, en este trabajo se utilizan procesos de separación con membranas de ultra- y nanofiltración comerciales para conseguir el objetivo planteado.&#xd;
&#xd;
Una vez caracterizadas las membranas, se procede a la filtración de mostos naturales provenientes de tres campañas vitivinícolas diferentes, con los distintos módulos de membrana.</subfield>
</datafield>
<datafield tag="024" ind2=" " ind1="8">
<subfield code="a">http://uvadoc.uva.es/handle/10324/7625</subfield>
</datafield>
<datafield tag="024" ind2=" " ind1="8">
<subfield code="a">b1692799</subfield>
</datafield>
<datafield tag="024" ind2=" " ind1="8">
<subfield code="a">10.35376/10324/7625</subfield>
</datafield>
<datafield ind1=" " ind2=" " tag="653">
<subfield code="a">Filtros y filtración</subfield>
</datafield>
<datafield ind1=" " ind2=" " tag="653">
<subfield code="a">Vinos y vinificación</subfield>
</datafield>
<datafield tag="245" ind1="0" ind2="0">
<subfield code="a">Reducción de azúcar en mostos por nanofiltración para la obtención de vinos de menor grado alcohólico</subfield>
</datafield>
</record></metadata></record></GetRecord></OAI-PMH>